အင်္ဂလန်နိုင်ငံ ဘာမင်ဂန်မြို့ ဓမ္မတဠာက ကမ္ဘာအေးစေတီတော် ပြီးမြောက်အောင်မြင် ပူဇာသဘင်မှတ်တမ်း / (Record no. 40967)

000 -LEADER
fixed length control field 01112nam a22001697a 4500
005 - DATE AND TIME OF LATEST TRANSACTION
control field 20241010145949.0
008 - FIXED-LENGTH DATA ELEMENTS--GENERAL INFORMATION
fixed length control field 241010b ||||| |||| 00| 0 eng d
040 ## - CATALOGING SOURCE
Transcribing agency SSBUL
082 ## - DEWEY DECIMAL CLASSIFICATION NUMBER
Edition number 23
Classification number ၂၉၄.၃၄၃၅၀၉ ညောင်
Item number ၁၃၁၈၆ S-SAT
100 0# - MAIN ENTRY--PERSONAL NAME
Personal name ညောင်ကန်အေးဆရာတော်။
9 (RLIN) 55010
245 1# - TITLE STATEMENT
Title အင်္ဂလန်နိုင်ငံ ဘာမင်ဂန်မြို့ ဓမ္မတဠာက ကမ္ဘာအေးစေတီတော် ပြီးမြောက်အောင်မြင် ပူဇာသဘင်မှတ်တမ်း /
Statement of responsibility, etc. ညောင်ကန်အေးဆရာတော်။
260 ## - PUBLICATION, DISTRIBUTION, ETC.
Place of publication, distribution, etc. ရန်ကုန် ၊
Name of publisher, distributor, etc. မြန်မာနိုင်ငံထေရဝါဒဗုဒ္ဓသာသနာပြုအဖွဲ့၊
Date of publication, distribution, etc. [၁၉၉၉]။
300 ## - PHYSICAL DESCRIPTION
Extent ၈၆ စာမျက်နှာ ၊
Dimensions ၁၉ စင်တီ။
500 ## - GENERAL NOTE
General note S-SAT: Dr. Sai Aung Tun
650 ## - SUBJECT ADDED ENTRY--TOPICAL TERM
Topical term or geographic name entry element ကမ္ဘာအေးစေတီတေ်
Geographic subdivision အင်္ဂလန်နိုင်ငံ
9 (RLIN) 55011
942 ## - ADDED ENTRY ELEMENTS (KOHA)
Source of classification or shelving scheme
Koha item type Book (Short term)
Holdings
Withdrawn status Lost status Source of classification or shelving scheme Damaged status Not for loan Collection code Permanent Location Current Location Shelving location Date acquired Total Checkouts Full call number Barcode Date last seen Price effective from Koha item type Accession
          Special Collections Shan State Buddhist University Library Shan State Buddhist University Library Special Collection Shelves 10/10/2024   ၂၉၄.၃၄၃၅၀၉ ညောင် ၁၃၁၈၆ S-SAT MB00013186 10/10/2024 10/10/2024 Book (Short term) ၁၃၁၈၆ S-SAT

Library - 09407999929
Admin Office - 09407999979
Dean Office - 09250910768
Registrar Office - 09892297154
Email - [email protected]
Shan State Buddhist University, Phaya Phyu Taunggyi, Shan State, Myanmar.